[Event "Olympiad-44"]
[Site "Chennai"]
[Date "2022.08.07"]
[Round "9.3"]
[White "Temesgen, Addisalem Tsige"]
[Black "Arnold, Smith"]
[Result "1-0"]
[WhiteElo "2072"]
[BlackElo "1931"]
[PlyCount "109"]
[EventDate "2022.07.29"]
[EventType "team-swiss"]
[EventRounds "11"]
[EventCountry "IND"]
[SourceTitle "CBM 210"]
[Source "ChessBase"]
[SourceDate "2022.10.31"]
[SourceVersion "1"]
[SourceVersionDate "2022.10.31"]
[SourceQuality "1"]
[WhiteTeam "Ethiopia"]
[BlackTeam "Liberia"]
[WhiteTeamCountry "ETH"]
[BlackTeamCountry "LBR"]

1. d4 Nf6 2. Bf4 d5 3. e3 Bf5 4. c4 e6 5. Qb3 Qc8 6. Nc3 c6 7. Rc1 Qd7 8. Nf3 b6 9. cxd5 exd5 10. Ne5 Qe6 11. Be2 Bd6 12. Nb5 Bxe5 13. dxe5 cxb5 14. exf6 0-0 15. fxg7 Kxg7 16. Bxb5 a6 17. Be2 Nd7 18. 0-0 Nc5 19. Qc3+ Kg8 20. Rfd1 a5 21. Qd4 Rfd8 22. Bg5 Rd6 23. Bc4 dxc4 24. Qxd6 Nd3 25. Qxe6 Bxe6 26. Rc2 b5 27. Bf6 h5 28. Rcd2 Ra6 29. Bc3 a4 30. a3 Bf5 31. f3 Rd6 32. e4 Be6 33. Kf1 Kh7 34. g3 Bh3+ 35. Ke2 Kg6 36. Ke3 Be6 37. f4 Bg4 38. Rh1 Bh3 39. Rg1 Bg4 40. Rf1 f6 41. e5 Re6 42. Kd4 fxe5+ 43. fxe5 Nxe5 44. Kc5 Re8 45. Rd6+ Kh7 46. Kxb5 Bh3 47. Re1 Rb8+ 48. Kxa4 Nd3 49. Re7+ Kg8 50. Rg7+ Kf8 51. Rh6 Nc5+ 52. Ka5 Nb3+ 53. Ka6 Nc5+ 54. Ka7 Rb7+ 55. Rxb7 1-0

[Event "Addis Ababa zt 4.4"]
[Site "Addis Ababa"]
[Date "2022.05.07"]
[Round "8"]
[White "Abera, Aydagnuhem Gezachew"]
[Black "Temesgen, Addisalem Tsige"]
[Result "1-0"]
[WhiteElo "2097"]
[BlackElo "2069"]
[PlyCount "103"]
[EventDate "2022.05.02"]
[EventType "swiss"]
[EventRounds "9"]
[EventCountry "ETH"]
[SourceTitle "CBM 208 Extra"]
[Source "ChessBase"]
[SourceDate "2022.07.31"]
[SourceVersion "1"]
[SourceVersionDate "2022.07.31"]
[SourceQuality "1"]

1. Nf3 c5 2. g3 Nc6 3. c4 g6 4. Bg2 Bg7 5. 0-0 e5 6. Nc3 d6 7. d3 Nge7 8. e4 0-0 9. Nh4 Be6 10. f4 f5 11. fxe5 Bxe5 12. Bh6 Rf7 13. exf5 Nxf5 14. Nxf5 Rxf5 15. Bh3 Rxf1+ 16. Qxf1 Qd7 17. Bxe6+ Qxe6 18. Qf3 Qh3 19. Be3 Nd4 20. Qd5+ Kh8 21. Rf1 Bxg3 22. Bxd4+ cxd4 23. hxg3 Qxg3+ 24. Kh1 dxc3 25. bxc3 Re8 26. Qf7 Qh3+ 27. Kg1 Qe3+ 28. Kh1 Qe7 29. a4 b6 30. d4 Qxf7 31. Rxf7 Re3 32. Rxa7 Rxc3 33. Rc7 Rd3 34. d5 Ra3 35. Ra7 h5 36. a5 Rb3 37. Rb7 Ra3 38. axb6 Ra1+ 39. Kg2 Ra2+ 40. Kg3 Ra3+ 41. Kh4 Rb3 42. c5 Rb4+ 43. Kh3 Rb3+ 44. Kg2 Rb2+ 45. Kf3 Rb3+ 46. Ke2 Rb2+ 47. Kd3 Rb5 48. c6 Rxd5+ 49. Ke4 Re5+ 50. Kd4 Rc5 51. Rb8+ Kg7 52. c7 1-0

[Event "Addis Ababa zt 4.4"]
[Site "Addis Ababa"]
[Date "2022.05.06"]
[Round "6"]
[White "Temesgen, Addisalem Tsige"]
[Black "Yousuf Omer, Mahamed"]
[Result "1-0"]
[WhiteElo "2069"]
[BlackElo "1970"]
[PlyCount "25"]
[EventDate "2022.05.02"]
[EventType "swiss"]
[EventRounds "9"]
[EventCountry "ETH"]
[SourceTitle "CBM 208 Extra"]
[Source "ChessBase"]
[SourceDate "2022.07.31"]
[SourceVersion "1"]
[SourceVersionDate "2022.07.31"]
[SourceQuality "1"]

1. d4 Nf6 2. Bf4 e6 3. e3 c5 4. c3 b6 5. Nd2 Nc6 6. Ngf3 cxd4 7. exd4 Bb7 8. Bd3 Be7 9. h3 h6 10. Nc4 d6 11. 0-0 g5 12. Bg3 Rg8 13. Re1 1-0

[Event "Addis Ababa zt 4.4"]
[Site "Addis Ababa"]
[Date "2022.05.03"]
[Round "2"]
[White "Adebo, Muhaba Detamo"]
[Black "Temesgen, Addisalem Tsige"]
[Result "0-1"]
[WhiteElo "1979"]
[BlackElo "2069"]
[PlyCount "52"]
[EventDate "2022.05.02"]
[EventType "swiss"]
[EventRounds "9"]
[EventCountry "ETH"]
[SourceTitle "CBM 208 Extra"]
[Source "ChessBase"]
[SourceDate "2022.07.31"]
[SourceVersion "1"]
[SourceVersionDate "2022.07.31"]
[SourceQuality "1"]

1. e4 c5 2. Nf3 g6 3. c3 Bg7 4. d4 cxd4 5. cxd4 d5 6. e5 Bg4 7. Be2 e6 8. Nc3 Ne7 9. Qb3 0-0 10. Ng5 Bxe2 11. Nxe2 h6 12. Nf3 Qa5+ 13. Bd2 Qa6 14. Rc1 Nbc6 15. a4 Nf5 16. Qb5 Qb6 17. g4 Nfxd4 18. Nexd4 Nxd4 19. Nxd4 Qxd4 20. f4 f6 21. exf6 Bxf6 22. h4 Qe4+ 23. Kf2 Bd4+ 24. Kg3 Be3 25. Bxe3 Qxe3+ 26. Kg2 Rxf4 0-1

[Event "Addis Ababa zt 4.4"]
[Site "Addis Ababa"]
[Date "2022.05.02"]
[Round "1"]
[White "Temesgen, Addisalem Tsige"]
[Black "Islam, Sh Nour Kassim"]
[Result "1-0"]
[WhiteElo "2069"]
[BlackElo "1849"]
[PlyCount "27"]
[EventDate "2022.05.02"]
[EventType "swiss"]
[EventRounds "9"]
[EventCountry "ETH"]
[SourceTitle "CBM 208 Extra"]
[Source "ChessBase"]
[SourceDate "2022.07.31"]
[SourceVersion "1"]
[SourceVersionDate "2022.07.31"]
[SourceQuality "1"]

1. d4 d5 2. Bf4 Bf5 3. c4 c6 4. Nc3 e6 5. Qb3 b6 6. cxd5 exd5 7. e4 dxe4 8. Bc4 Bg6 9. d5 Bd6 10. Bxd6 Qxd6 11. dxc6 e3 12. fxe3 Ne7 13. Rd1 Qe5 14. Nb5 1-0

[Event "Online Olym Div4 C"]
[Site "Chess.com INT"]
[Date "2021.08.22"]
[Round "9.5"]
[White "Carpenter, Paul A"]
[Black "Temesgen, Addisalem Tsige"]
[Result "0-1"]
[WhiteElo "1982"]
[BlackElo "2050"]
[PlyCount "80"]
[EventDate "2021.08.20"]
[EventType "team (rapid)"]
[EventRounds "11"]
[EventCountry "USA"]
[SourceTitle "CBM 203 Extra"]
[Source "ChessBase"]
[SourceDate "2021.09.30"]
[SourceVersion "1"]
[SourceVersionDate "2021.09.30"]
[SourceQuality "1"]
[WhiteTeam "Jersey"]
[BlackTeam "Ethiopia"]
[WhiteTeamCountry "GCI"]
[BlackTeamCountry "ETH"]

1. d4 Nf6 2. Nf3 g6 3. Nbd2 Bg7 4. e3 b6 5. Be2 Bb7 6. 0-0 d6 7. c4 Nbd7 8. b4 0-0 9. Bb2 e5 10. d5 a5 11. b5 a4 12. a3 Nc5 13. Ne1 Bc8 14. Nd3 Nfd7 15. Nb4 Bb7 16. Qc2 Qh4 17. Nf3 Qe7 18. Rad1 f5 19. Rfe1 Rf7 20. Nd2 Raf8 21. Nb1 Qg5 22. Kh1 f4 23. e4 Qh4 24. f3 g5 25. Nc3 Ra8 26. Rf1 Nf6 27. Bc1 Nh5 28. Kg1 Bc8 29. Bd2 Ng3 30. Rf2 g4 31. Be1 Nxe2+ 32. Rxe2 Qh5 33. Rd3 Rf6 34. Nc6 Rh6 35. h4 g3 36. Red2 Qxh4 37. Kf1 Qh1+ 38. Ke2 Qxg2+ 39. Kd1 Qf1 40. Ne2 Rh1 0-1

[Event "Online Olym Div4 C"]
[Site "Chess.com INT"]
[Date "2021.08.21"]
[Round "5.6"]
[White "Temesgen, Addisalem Tsige"]
[Black "Portelli, Timothy"]
[Result "1-0"]
[WhiteElo "2050"]
[BlackElo "1529"]
[PlyCount "73"]
[EventDate "2021.08.20"]
[EventType "team (rapid)"]
[EventRounds "11"]
[EventCountry "USA"]
[SourceTitle "CBM 203 Extra"]
[Source "ChessBase"]
[SourceDate "2021.09.30"]
[SourceVersion "1"]
[SourceVersionDate "2021.09.30"]
[SourceQuality "1"]
[WhiteTeam "Ethiopia"]
[BlackTeam "Malta"]
[WhiteTeamCountry "ETH"]
[BlackTeamCountry "MLT"]

1. d4 e6 2. Nc3 d5 3. Bf4 c5 4. e3 Bd7 5. Nf3 f6 6. e4 Bc6 7. e5 Qb6 8. Rb1 Nd7 9. exf6 Ngxf6 10. Be3 Bd6 11. Be2 e5 12. dxe5 Nxe5 13. Bg5 d4 14. Bxf6 gxf6 15. Nxe5 fxe5 16. Bh5+ Ke7 17. Ne2 Raf8 18. 0-0 Rhg8 19. Ng3 c4 20. Bg4 Kd8 21. Be6 Rg5 22. Bxc4 h5 23. Bd3 h4 24. Ne4 Rfg8 25. Nxg5 Rxg5 26. f3 h3 27. g3 e4 28. Bxe4 Bxe4 29. fxe4 d3+ 30. Kh1 dxc2 31. Qxc2 Rc5 32. Qd3 Qc6 33. Rbd1 Kc7 34. Rf7+ Kb6 35. Rf6 Rc1 36. Rxd6 Rxd1+ 37. Qxd1 1-0

[Event "Online Olym Div4 C"]
[Site "Chess.com INT"]
[Date "2021.08.21"]
[Round "6.1"]
[White "Temesgen, Addisalem Tsige"]
[Black "Yosif, Ayman Ali Dafa Alla"]
[Result "1-0"]
[WhiteElo "2050"]
[BlackElo "1988"]
[PlyCount "109"]
[EventDate "2021.08.20"]
[EventType "team (rapid)"]
[EventRounds "11"]
[EventCountry "USA"]
[SourceTitle "CBM 203 Extra"]
[Source "ChessBase"]
[SourceDate "2021.09.30"]
[SourceVersion "1"]
[SourceVersionDate "2021.09.30"]
[SourceQuality "1"]
[WhiteTeam "Ethiopia"]
[BlackTeam "Sudan"]
[WhiteTeamCountry "ETH"]
[BlackTeamCountry "SUD"]

1. d4 Nf6 2. Nc3 e6 3. e4 d5 4. e5 Nfd7 5. f4 c5 6. Nf3 Nc6 7. Be3 cxd4 8. Nxd4 Nxd4 9. Bxd4 Bc5 10. Bxc5 Nxc5 11. Qd4 Qb6 12. Bb5+ Bd7 13. b4 Bxb5 14. bxc5 Qc6 15. a4 Bc4 16. Rb1 0-0 17. Nb5 Rfc8 18. Nd6 Qxc5 19. Qxc5 Rxc5 20. Rxb7 Rc6 21. Kd2 Ba6 22. Rd7 h6 23. Rb1 Rb6 24. Rb3 Bc4 25. Rg3 Rf8 26. Rxa7 Ra6 27. Rc7 Rxa4 28. f5 exf5 29. Nxf5 g6 30. e6 Kh7 31. e7 Re8 32. Nd6 Raa8 33. Rf3 f5 34. h4 Ba2 35. h5 d4 36. hxg6+ Kxg6 37. Nxf5 Ra6 38. Nxd4 Rd6 39. c3 Bd5 40. Rf8 Bf7 41. Rxe8 Bxe8 42. Ke3 Kf7 43. Ke4 Rd7 44. Rxd7 Bxd7 45. Ke5 Kxe7 46. Nf5+ Kf7 47. Nxh6+ Kg6 48. Ng8 Kg5 49. c4 Ba4 50. Nf6 Kh4 51. g4 Kg5 52. c5 Bc6 53. Kd6 Ba8 54. Ke6 Bh1 55. Nd5 1-0